<?xml version="1.0" encoding="UTF-8"?>
<record
    xmlns:xsi="http://www.w3.org/2001/XMLSchema-instance"
    xsi:schemaLocation="http://www.loc.gov/MARC21/slim http://www.loc.gov/standards/marcxml/schema/MARC21slim.xsd"
    xmlns="http://www.loc.gov/MARC21/slim">

  <leader>00311nam a2200133Ia 4500</leader>
  <controlfield tag="008">191201s2012    xx            000 0 und d</controlfield>
  <datafield tag="100" ind1=" " ind2=" ">
    <subfield code="a">ROGERS, Gordon </subfield>
  </datafield>
  <datafield tag="245" ind1=" " ind2="0">
    <subfield code="a">Engineering Thermodynamics</subfield>
  </datafield>
  <datafield tag="260" ind1=" " ind2=" ">
    <subfield code="b">Pearsons</subfield>
    <subfield code="c">2012</subfield>
  </datafield>
  <datafield tag="300" ind1=" " ind2=" ">
    <subfield code="a">711</subfield>
  </datafield>
  <datafield tag="650" ind1=" " ind2=" ">
    <subfield code="a">B.Tech(ME)</subfield>
  </datafield>
  <datafield tag="700" ind1=" " ind2=" ">
    <subfield code="a">MAYHEN, Yon</subfield>
  </datafield>
  <datafield tag="942" ind1=" " ind2=" ">
    <subfield code="2">ddc</subfield>
    <subfield code="c">BK</subfield>
  </datafield>
  <datafield tag="999" ind1=" " ind2=" ">
    <subfield code="c">6836</subfield>
    <subfield code="d">6836</subfield>
  </datafield>
  <datafield tag="952" ind1=" " ind2=" ">
    <subfield code="0">0</subfield>
    <subfield code="1">0</subfield>
    <subfield code="2">ddc</subfield>
    <subfield code="4">0</subfield>
    <subfield code="7">0</subfield>
    <subfield code="8">BTECHME</subfield>
    <subfield code="a">PIET</subfield>
    <subfield code="b">PIET</subfield>
    <subfield code="d">2020-07-21</subfield>
    <subfield code="e">Kirti Prakashan</subfield>
    <subfield code="g">919.00</subfield>
    <subfield code="k">IN3884</subfield>
    <subfield code="l">0</subfield>
    <subfield code="o">621.4021 ROE</subfield>
    <subfield code="p">30500</subfield>
    <subfield code="r">2019-12-04 00:00:00</subfield>
    <subfield code="v">624.92</subfield>
    <subfield code="w">2019-05-15</subfield>
    <subfield code="y">BK</subfield>
  </datafield>
  <datafield tag="952" ind1=" " ind2=" ">
    <subfield code="0">0</subfield>
    <subfield code="1">0</subfield>
    <subfield code="2">ddc</subfield>
    <subfield code="4">0</subfield>
    <subfield code="7">0</subfield>
    <subfield code="8">BTECHME</subfield>
    <subfield code="a">PIET</subfield>
    <subfield code="b">PIET</subfield>
    <subfield code="d">2020-07-21</subfield>
    <subfield code="e">Kirti Prakashan</subfield>
    <subfield code="g">919.00</subfield>
    <subfield code="k">IN3884</subfield>
    <subfield code="l">0</subfield>
    <subfield code="o">621.4021 ROE</subfield>
    <subfield code="p">30501</subfield>
    <subfield code="r">2019-12-04 00:00:00</subfield>
    <subfield code="v">624.92</subfield>
    <subfield code="w">2019-05-15</subfield>
    <subfield code="y">BK</subfield>
  </datafield>
  <datafield tag="952" ind1=" " ind2=" ">
    <subfield code="0">0</subfield>
    <subfield code="1">0</subfield>
    <subfield code="2">ddc</subfield>
    <subfield code="4">0</subfield>
    <subfield code="7">0</subfield>
    <subfield code="8">BTECHME</subfield>
    <subfield code="a">PIET</subfield>
    <subfield code="b">PIET</subfield>
    <subfield code="d">2020-07-21</subfield>
    <subfield code="e">Kirti Prakashan</subfield>
    <subfield code="g">919.00</subfield>
    <subfield code="k">IN3884</subfield>
    <subfield code="l">1</subfield>
    <subfield code="o">621.4021 ROE</subfield>
    <subfield code="p">30502</subfield>
    <subfield code="r">2026-04-08 13:55:18</subfield>
    <subfield code="s">2026-04-03</subfield>
    <subfield code="v">624.92</subfield>
    <subfield code="w">2019-05-15</subfield>
    <subfield code="y">BK</subfield>
  </datafield>
</record>
